|
|
|
|
| LEADER |
00000cam a2200000 7i4500 |
| 001 |
0000000721 |
| 005 |
20000926.0 |
| 020 |
0 |
0 |
|a 9679933490
|
| 090 |
0 |
0 |
|a 354.595006092
|b MAH 1995
|
| 100 |
0 |
0 |
|a MAHMUD bin Taib
|f Tan Sri Dato'
|
| 245 |
1 |
0 |
|a Imbasan KPPA
|c Mahmud bin Taib, Ketua Pengarah Perkhidmatan Awam (16 April 1990 - 13 Disember 1995)
|
| 260 |
0 |
0 |
|a Kuala Lumpur :
|b Institut Tadbiran Awam Negara (INTAN) ,
|c 1995
|
| 300 |
|
|
|a 248 p. :
|b ill. ;
|c 25 cm.
|
| 600 |
0 |
0 |
|a Mahmud bin Taib ,
|c Tan Sri Dato'
|
| 650 |
0 |
0 |
|a Civil service
|z Malaysia
|x Biography
|
| 651 |
0 |
0 |
|a Malaysia, Jabatan Perkhidmatan Awam
|x Officials and employees
|x Biography
|
| 999 |
|
|
|a 0000000754
|b Monograph
|c Open Shelf
|e Default branch
|